000 01383naa a22004097a 4500
001 BR6009611
003 BR-BrBNA
005 20240918173046.0
007 ta
008 230509b bl.||||| |||| 00| 0 por d
040 _aBR-BrBNA
_bpor
_cBiblioteca Nacional de Agricultura
041 _a(Pt)
072 _aE70; F60
_b1300
_b3575
_bG514
090 _aE70 BR6009611
100 1 _aCamargo, C.P.
100 1 _aCoelho, R.C.
100 1 _aRibeiro, H.
100 1 _aPinheiro, F.F.M.
100 1 _aLiberal, O.H.T.
111 1 _a2. Seminario Brasileiro de Sementes
_cPelotas, RS (Brazil)
_d16 Sep 1968
245 1 _aLevantamento da qualidade de semente olericola no comercio da Guanabara [Hortalica; Controle de qualidade; Brasil]
260 3 _aRio de Janeiro, GB (Brasil):
_c1970.
500 _aAnais do 2. Seminario Brasileiro de Sementes Rio de Janeiro, GB (Brasil): 1970. p. 295-306 (BR6009611-AM)E70
650 _aComercializacao
650 _aFisiologia vegetal
650 _aHortalica
650 _aSemente
650 _aControle de qualidade
650 _aImportacao
650 _aPreco
650 _aGerminacao
650 _aOlericultura
650 _aGuanabara
773 0 _tAnais do 2. Seminario Brasileiro de Sementes
_wE70 BR6009611
_gRio de Janeiro, GB (Brasil), 1970. p. 295-306
909 _a202404
_bLucia
_c55
_dLucia Elande
942 _cAM
_2AGRIS
999 _c302693
_d302693